000 00688nam a2200229 i 4500
001 C2-0327484
003 PPAK
005 20180728125114.0
008 140616s2014 my a|||| ||||| | eng d
020 _a9789671218600
040 _aPPAK
_beng
_cPPAK
_erda
082 0 4 _a030.9595
_223
090 0 0 _a030.9595
_bMAL
_dR
245 0 4 _aThe Malaysia book of records
264 1 _aKuala Lumpur :
_bMalaysia Book of Records ,
_c2014
300 _a323 pages :
_bcolour illustrations ;
_c31 cm
336 _2rdacontent
_atext
337 _2rdamedia
_aunmediated
338 _2rdacarrier
_avolume
650 1 0 _aWorld records - Malaysia. ; Curiosities and wonders - Malaysia.
942 _ddc
_cB
999 _c127033
_d127033